000 00562nam a22002177a 4500
003 UA-OsUOA
001 44878
007 ta
008 20070319b un ||||| |||| 00| 0 ukr d
100 _aШокало О.
090 _a82
_bШ-11
942 _cSA
040 _aUA-OsUOA
_bukr
_cUA-OsUOA
_dUA-OsUOA
245 _aСпівець України/ Тарасові Шевченку - 193
300 _aС.1, 8
955 _a0
041 _aukr
080 _a82
773 0 _w44877
650 7 _a82 Література. Літературознавство
_2UDC
999 _c330978
_d330978